Loading...
| Literature - Poetry | 6 | 3 | 0 | 0 | 120 | 46 | 87.67 | 3 | 9 | 0.00 | 0.00 |
| Philosophy | 7 | 1 | 0 | 0 | 115 | 36 | 64.25 | 5 | 8 | 0.00 | 0.00 |
| History - World | 3 | 7 | 2 | 1 | 105 | 22 | 78.30 | 4 | 6 | 0.00 | 0.00 |
| History - European | 5 | 2 | 1 | 1 | 90 | 31 | 68.14 | 2 | 6 | 0.00 | 0.00 |
| Short Fiction and Other | 3 | 3 | 0 | 1 | 75 | 60 | 96.50 | 3 | 4 | 0.00 | 0.00 |
| Literature - Long Fiction | 3 | 4 | 2 | 1 | 75 | 56 | 97.71 | 3 | 6 | 0.00 | 0.00 |
| Mythology | 3 | 2 | 0 | 1 | 65 | 22 | 73.60 | 3 | 4 | 0.00 | 0.00 |
| History - American | 2 | 3 | 0 | 0 | 60 | 61 | 94.80 | 2 | 2 | 0.00 | 0.00 |
| Fine Arts - Other | 0 | 6 | 1 | 1 | 55 | 93 | 115.50 | 0 | 4 | 0.00 | 0.00 |
| Fine Arts - Classical Music | 0 | 5 | 0 | 0 | 50 | 79 | 101.60 | 0 | 1 | 0.00 | 0.00 |
| History - Other | 3 | 0 | 0 | 0 | 45 | 38 | 54.00 | 1 | 3 | 0.00 | 0.00 |
| Fine Arts - Painting and Sculpture | 1 | 3 | 0 | 1 | 45 | 39 | 96.00 | 1 | 3 | 0.00 | 0.00 |
| Geography | 1 | 3 | 0 | 3 | 45 | 67 | 118.50 | 1 | 2 | 0.00 | 0.00 |
| Religion | 1 | 3 | 1 | 1 | 40 | 44 | 97.25 | 1 | 2 | 0.00 | 0.00 |
| Literature - Drama | 0 | 4 | 1 | 0 | 35 | 86 | 92.50 | 2 | 4 | 0.00 | 0.00 |
| Literature - Short Fiction | 2 | 0 | 0 | 0 | 30 | 50 | 63.50 | 1 | 2 | 0.00 | 0.00 |
| Social Science | 0 | 3 | 1 | 0 | 25 | 81 | 100.33 | 1 | 3 | 0.00 | 0.00 |
| Other Academic | 1 | 2 | 3 | 0 | 20 | 52 | 78.33 | 2 | 2 | 0.00 | 0.00 |
| History - Ancient | 1 | 0 | 0 | 0 | 15 | 34 | 34.00 | 1 | 1 | 0.00 | 0.00 |
| Science - Other | 0 | 1 | 0 | 0 | 10 | 94 | 94.00 | 0 | 1 | 0.00 | 0.00 |
| Science - Biology | 0 | 1 | 1 | 0 | 5 | 83 | 83.00 | 0 | 0 | 0.00 | 0.00 |
| Current Events | 0 | 1 | 1 | 1 | 5 | 147 | 147.00 | 0 | 0 | 0.00 | 0.00 |